Ulver Discography - Statistics

General Stats
  • This quiz has been taken 4 times
  • The average score is 14 of 33
Answer Stats
Type Year Name % Correct
Album 2000 Perdition City
100%
Album 2005 Blood Inside
75%
Cover Album 2012 Childhood's End
75%
Soundtrack 2002 Lyckantropen Themes
75%
EP 1999 Metamorphosis
75%
Album 1997 Nattens madrigal – Aatte hymne til ulven i manden
75%
Album 2007 Shadows of the Sun
75%
EP 2001 Silence Teaches You How to Sing
75%
Album 1996 Kveldssanger
50%
Album 2013 Messe I.X-VI.X
50%
Soundtrack 2003 Svidd neger
50%
Compilation 2002 Teachings in Silence
50%
Collaborative Album 2014 Terrestrials
50%
Album 2017 The Assassination of Julius Caesar
50%
Remix Album 2003 1993–2003: 1st Decade in the Machines
25%
EP 2003 A Quick Fix of Melancholy
25%
Album 2016 ATGCLVLSSCAP
25%
Live Album 2013 Live at Roadburn
25%
Tribute Album 2007 My Own Wolf: A New Approach to Ulver
25%
Split Album 1994 Mysticum / Ulver
25%
Compilation 2012 Oddities & Rarities
25%
Soundtrack 2016 Riverhead
25%
EP 2012 Roadburn
25%
EP 2017 Sic Transit Gloria Mundi
25%
EP 2001 Silencing the Singing
25%
Album 1998 Themes from William Blake's The Marriage of Heaven and Hell
25%
Concert Film 2011 The Norwegian National Opera
25%
Live Album 2013 The Norwegian National Opera
25%
Box Set 1997 The Trilogie – Three Journeyes Through the Norwegian Netherworlde
25%
Box Set 2014 Trolsk Sortmetall 1993-1997
25%
Demo Tape 1993 Vargnatt
25%
Album 2011 Wars of the Roses
25%
Album 1995 Bergtatt – Et eeventyr i 5 capitler
0%
No matching quizzes found
Score Distribution
Percent of People with Each Score
Percentile by Number Answered
Your Score History
You have not taken this quiz